000 00547nam a22001817a 4500
999 _c196635
_d196635
005 20230719123815.0
010 _aENG-137470
020 _c350.00
_a9788132105909
035 _aEN-121002
037 _bDBAD/PUB
082 _a324.2
100 _aKelkar, Sanjeev
245 _aLOST YEARS OF THE RSS
_cSanjeev Kelkar
260 _aNew Delhi
_bSAGE Publications India Pvt Ltd
270 _aB1/1-1 Mohan Cooperative Industrial Area Mathura Road
_bNew Delhi
_e110044
300 _a354p.
_c22cm,
942 _2ddc
_cEN
_mKEL
_h324.2